Statistics for Top 20 largest cities and towns in Hertfordshire

Click here to take the quiz!

General Stats

  • This quiz has been taken 309 times
  • The average score is 11 of 20

Answer Stats

HintAnswer% Correct
82,146St Albans
89%
131,982Watford
87%
89,663Stevenage
85%
26,658Hertford
77%
48,380Welwyn Garden City
76%
37,577Hatfield
75%
94,932Hemel Hempstead
73%
34,266Hitchin
64%
33,249Letchworth
63%
30,240Harpenden
55%
22,639Potters Bar
54%
18,799Ware
50%
37,838Bishop's Stortford
47%
35,489Borehamwood
46%
45,832Cheshunt
42%
23,973Rickmansworth
38%
20,641Berkhamsted
33%
42,253Hoddesdon
31%
25,328Bushey
30%
19,574Abbots Langley
17%

Score Distribution

Percentile by Number Answered

Percent of People with Each Score

Your Score History

You have not taken this quiz